UNIT OPERATIONS OF AGRICULTURAL PROCESSING (Record no. 22207)

MARC details
000 -LEADER
fixed length control field 00324nam a22001457a 4500
003 - CONTROL NUMBER IDENTIFIER
control field SGT
020 ## - INTERNATIONAL STANDARD BOOK NUMBER
International Standard Book Number 978-81-259-1142-5
082 ## - DEWEY DECIMAL CLASSIFICATION NUMBER
Classification number 631
Item number SAH
100 ## - MAIN ENTRY--PERSONAL NAME
Personal name SAHAY, K.M.
245 ## - TITLE STATEMENT
Title UNIT OPERATIONS OF AGRICULTURAL PROCESSING
250 ## - EDITION STATEMENT
Edition statement 2NC
260 ## - PUBLICATION, DISTRIBUTION, ETC. (IMPRINT)
Place of publication, distribution, etc DELHI
Name of publisher, distributor, etc VIKASH
Year of Publication 2020
300 ## - PAGE DESCRIPTION
No. of Pages 374
942 ## - ADDED ENTRY ELEMENTS (KOHA)
Source of classification or shelving scheme Dewey Decimal Classification
Koha item type Books
942 ## - ADDED ENTRY ELEMENTS (KOHA)
-- 5
Holdings
Withdrawn status Lost status Source of classification or shelving scheme Damaged status Not for loan Home library Current library Shelving location Date acquired Vendor Name Cost, normal purchase price SGTU Bill Number Total Checkouts Full call number Accession No. (Barcode) Date last seen Date last borrowed Bill Date Koha item type
    Dewey Decimal Classification     SGT Science & Social Sciences Library SGT Science & Social Sciences Library Text Book 22/02/2022 ABC 550.00 SGTU 13649 2 631 SAH AG1731 25/05/2023 11/05/2023   Books
    Dewey Decimal Classification     SGT Science & Social Sciences Library SGT Science & Social Sciences Library Text Book 22/02/2022 ABC 550.00 SGTU 13649 3 631 SAH AG1732 25/05/2023 11/05/2023   Books